Normal view MARC view
  • Levitin, Anany

Entry Personal Name

Number of records used in: 3

001 - CONTROL NUMBER

  • control field: 60906

003 - CONTROL NUMBER IDENTIFIER

  • control field: NUST

005 - DATE AND TIME OF LATEST TRANSACTION

  • control field: 20210628202640.0

008 - FIXED-LENGTH DATA ELEMENTS

  • fixed length control field: 210628|| aca||aabn | a|a d

040 ## - CATALOGING SOURCE

  • Original cataloging agency: NUST
  • Transcribing agency: NUST

100 ## - HEADING--PERSONAL NAME

  • Personal name: Levitin, Anany

670 ## - SOURCE DATA FOUND

  • Source citation: Work cat.: (NUST): Levitin, Anany, Introduction to the design and analysis of algorithms, 2005
© 2023 Central Library, National University of Sciences and Technology. All Rights Reserved.